Women's Employment in Europe : (Record no. 10559)
[ view plain ]
| 000 -LEADER | |
|---|---|
| fixed length control field | 01611cam a22003854a 4500 |
| 090 ## - LOCALLY ASSIGNED LC-TYPE CALL NUMBER (OCLC); LOCAL CALL NUMBER (OCLC) | |
| -- | 0 |
| 001 - CONTROL NUMBER | |
| control field | 4508952 |
| 005 - DATE AND TIME OF LATEST TRANSACTION | |
| control field | 20060807191019.0 |
| 008 - FIXED-LENGTH DATA ELEMENTS--GENERAL INFORMATION | |
| fixed length control field | 981006s1999 enka b 001 0 eng |
| 010 ## - LIBRARY OF CONGRESS CONTROL NUMBER | |
| LC control number | 98047473 |
| 020 ## - INTERNATIONAL STANDARD BOOK NUMBER | |
| International Standard Book Number | 0415198534 (hbk) |
| 020 ## - INTERNATIONAL STANDARD BOOK NUMBER | |
| International Standard Book Number | 0415198542 (pbk.) |
| 040 ## - CATALOGING SOURCE | |
| Original cataloging agency | DLC |
| Transcribing agency | DLC |
| Modifying agency | DLC |
| 042 ## - AUTHENTICATION CODE | |
| Authentication code | pcc |
| 043 ## - GEOGRAPHIC AREA CODE | |
| Geographic area code | e------ |
| 050 00 - LIBRARY OF CONGRESS CALL NUMBER | |
| Classification number | HD6134 |
| Item number | .R83 1999 |
| 082 00 - DEWEY DECIMAL CLASSIFICATION NUMBER | |
| Classification number | 331.4094 |
| Edition number | 21 |
| Item number | RUB |
| 100 1# - MAIN ENTRY--PERSONAL NAME | |
| Personal name | Rubery, Jill. |
| 245 10 - TITLE STATEMENT | |
| Title | Women's Employment in Europe : |
| Remainder of title | Trends and Prospects / |
| Statement of responsibility, etc | Jill Rubery, Mark Smith and Colette Fagan. |
| 260 ## - PUBLICATION, DISTRIBUTION, ETC. (IMPRINT) | |
| Place of publication, distribution, etc | London ; |
| -- | New York : |
| Name of publisher, distributor, etc | Routledge, |
| Date of publication, distribution, etc | c1999. |
| 300 ## - PHYSICAL DESCRIPTION | |
| Extent | xviii, 350 p. : |
| Other physical details | ill. ; |
| Dimensions | 24 cm. |
| 504 ## - BIBLIOGRAPHY, ETC. NOTE | |
| Bibliography, etc | Includes bibliographical references (p. [324]-339) and index. |
| 650 #0 - SUBJECT ADDED ENTRY--TOPICAL TERM | |
| Topical term or geographic name as entry element | Women |
| General subdivision | Employment |
| Geographic subdivision | European Union countries. |
| 650 #0 - SUBJECT ADDED ENTRY--TOPICAL TERM | |
| Topical term or geographic name as entry element | Labor market |
| Geographic subdivision | European Union countries. |
| 650 #0 - SUBJECT ADDED ENTRY--TOPICAL TERM | |
| Topical term or geographic name as entry element | Manpower policy |
| Geographic subdivision | European Union countries. |
| 650 #0 - SUBJECT ADDED ENTRY--TOPICAL TERM | |
| Topical term or geographic name as entry element | Employment forecasting |
| Geographic subdivision | European Union countries. |
| 700 1# - ADDED ENTRY--PERSONAL NAME | |
| Personal name | Smith, Mark, |
| Dates associated with a name | 1971 Jan. 26- |
| 700 1# - ADDED ENTRY--PERSONAL NAME | |
| Personal name | Fagan, Colette. |
| 856 4# - ELECTRONIC LOCATION AND ACCESS | |
| Materials specified | Table of Contents only |
| Uniform Resource Identifier | <a href="http://lcweb.loc.gov/catdir/toc/98047473.html">http://lcweb.loc.gov/catdir/toc/98047473.html</a> |
| 856 42 - ELECTRONIC LOCATION AND ACCESS | |
| Materials specified | Publisher description |
| Uniform Resource Identifier | <a href="http://www.loc.gov/catdir/enhancements/fy0649/98047473-d.html">http://www.loc.gov/catdir/enhancements/fy0649/98047473-d.html</a> |
| 942 ## - ADDED ENTRY ELEMENTS (KOHA) | |
| Source of classification or shelving scheme | Dewey Decimal Classification |
| Item type | Book - Borrowing |
| Withdrawn status | Item status | Source of classification or shelving scheme | Damaged status | Not for loan | Vendor | Home library | Current library | Shelving location | Date acquired | Source of acquisition | Cost, normal purchase price | Serial Enumeration / chronology | Total Checkouts | Full call number | Barcode | Date last seen | Koha item type |
|---|---|---|---|---|---|---|---|---|---|---|---|---|---|---|---|---|---|
| Dewey Decimal Classification | Alahram | Central Library | Central Library | First floor | 01/02/2009 | 157.10 | 06395 | 331.4094 RUB | 000014509 | 15/07/2025 | Book - Borrowing |